Kreskówki - Cartoon Netwoork - Statystyki

Ogólne statystyki
  • Ten quiz został rozwiązany 92 razy
  • Średni wynik to 18 z 26
Statystyki odpowiedzi
Obrazkowy Hint Odpowiedź % Poprawnych
Atomówki
93%
Ben 10
93%
Pora na przygodę
91%
Johnny Bravo
89%
Ninjago mistrzowie spinjitzu
87%
Młodzi tytani
86%
Krowa i kurczak
83%
Zwyczajny serial
83%
Pierwsza odsłona Wyspa totalnej porażki
82%
Chojrak tchórzliwy pies
80%
Niesamowity Świat Gumballa
80%
Laboratorium Dextera
76%
Ed, Edd i Eddy
75%
Samuraj Jack
74%
Jam Łasica
68%
Wujcio dobra rada
68%
Johnny Test
63%
Chowder
61%
Bliźniaki Cramp
59%
Steven Universe
57%
Clarence
54%
Dom dla Zmyślonych Przyjaciół pani Foster
50%
Niezwykłe przypadki Flapjacka
37%
Generator Rex
30%
Hero 108
26%
Tajemniczy sobotowie
14%
Nie znaleziono quizów pasujących do podanych kryteriów
Rozkład punktacji
Procent ludzi z każdym wynikiem
Percentyl według liczby udzielonych odpowiedzi
Twoja historia wyników
Nie rozwiązałeś tego quizu